| 000 | 00892 a2200181 4500 | ||
|---|---|---|---|
| 003 | NUST | ||
| 005 | 20230705092827.0 | ||
| 010 | _a 82020678 | ||
| 020 | _a0668057025 | ||
| 040 | _cNust | ||
| 082 | _a510,BLA | ||
| 245 |
_aTenth year mathematics / _ccontributing editors, Linda Berman, Thomas G. Edwards, Gerald Shpur. |
||
| 260 |
_aNew York : _bArco Pub., _cc1983. |
||
| 300 |
_a278 p. ; _c20 cm. |
||
| 440 |
_aArco regents review series _9101683 |
||
| 505 | _aIntroduction (Page-10, Pretest (Page-5), Triangles (Page-29), Parallelism and Perpendicularity (Page-47), Angles (Page-63), Locus (Page-75), Circles and Angle Measurement (Page-84), Similarity (Page-117), Inequality (Page-139), Area (Page-147), Regular Polygons and Measurement of the Circle (Page-158), Fundamental Contractions (Page-166), Formulas (Page-172), Miscellaneous Topics (Page-198). | ||
| 942 |
_2ddc _cBK _k510,BLA |
||
| 999 |
_c179811 _d179811 |
||